[Event "Dresden ZMD op-C 21th"]
[Site "Dresden"]
[Date "2012.08.24"]
[Round "7"]
[White "Bilz, Constantin"]
[Black "Smagulov, Aman"]
[Result "1-0"]
[WhiteElo "1734"]
[BlackElo "1648"]
[PlyCount "109"]
[EventDate "2012.08.18"]
[EventType "swiss"]
[EventRounds "9"]
[EventCountry "GER"]
[SourceTitle "CBM 150 Extra"]
[Source "ChessBase"]
[SourceDate "2012.10.19"]
[SourceVersion "1"]
[SourceVersionDate "2012.10.19"]
[SourceQuality "1"]

1. Nf3 d5 2. c4 c6 3. g3 Nf6 4. Bg2 g6 5. 0-0 Bg7 6. d4 dxc4 7. Nc3 Bg4 8. e4 0-0 9. Be3 Qa5 10. Qc2 Na6 11. Ne5 Be6 12. Ne2 Qb4 13. Nf4 Qd6 14. Nxc4 Qc7 15. Nxe6 fxe6 16. Bh3 Qd7 17. Ne5 Qd6 18. f3 Nd7 19. Nc4 Qc7 20. Bxe6+ Kh8 21. Qd2 b5 22. Na3 Qd6 23. Bb3 Rad8 24. Rad1 Qb8 25. Qc2 Nb4 26. Qc3 a5 27. Nc2 Nxc2 28. Qxc2 Qb7 29. Be6 Nf6 30. Kg2 a4 31. Rc1 Ne8 32. Qxc6 Qb8 33. e5 h5 34. f4 Bh6 35. Bd7 Kh7 36. d5 Ng7 37. Bb6 Rxd7 38. Qxd7 Qxb6 39. Qxe7 Re8 40. Qc5 Qa5 41. Rf2 Nf5 42. Qc7+ Qxc7 43. Rxc7+ Bg7 44. Rd2 Ne3+ 45. Kf3 Nc4 46. Re2 g5 47. d6 Rf8 48. d7 Rd8 49. b3 axb3 50. axb3 Nb6 51. e6 Bf8 52. Re5 Kg8 53. Rxb5 Bd6 54. Rc6 Nxd7 55. Rxd6 1-0

[Event "Dresden ZMD op-C 21th"]
[Site "Dresden"]
[Date "2012.08.19"]
[Round "2"]
[White "Renger, Niklas"]
[Black "Bilz, Constantin"]
[Result "0-1"]
[WhiteElo "1669"]
[BlackElo "1734"]
[PlyCount "37"]
[EventDate "2012.08.18"]
[EventType "swiss"]
[EventRounds "9"]
[EventCountry "GER"]
[SourceTitle "CBM 150 Extra"]
[Source "ChessBase"]
[SourceDate "2012.10.19"]
[SourceVersion "1"]
[SourceVersionDate "2012.10.19"]
[SourceQuality "1"]

1. e4 d6 2. d4 g6 3. Nc3 Bg7 4. Nf3 a6 5. Be2 b5 6. a3 Nd7 7. 0-0 Bb7 8. Be3 Rc8 9. Qd2 c5 10. Rad1 Qc7 11. Rfe1 Ngf6 12. e5 dxe5 13. dxe5 Nxe5 14. Bf4 Nfd7 15. Nxe5 Nxe5 16. Nd5 Bxd5 17. Qxd5 0-0 18. Bg4 Rcd8 19. Bxe5 0-1

[Event "Sachsen-ch U18"]
[Site "Sebnitz"]
[Date "2012.04.13"]
[Round "5"]
[White "Bilz, Constantin"]
[Black "Schamschurko, Victor"]
[Result "1-0"]
[WhiteElo "1678"]
[BlackElo "1730"]
[PlyCount "125"]
[EventDate "2012.04.10"]
[EventType "swiss"]
[EventRounds "7"]
[EventCountry "GER"]
[SourceTitle "CBM 148 Extra"]
[Source "ChessBase"]
[SourceDate "2012.06.22"]
[SourceVersion "1"]
[SourceVersionDate "2012.06.22"]
[SourceQuality "1"]

1. e4 e6 2. d3 d5 3. Nd2 Nf6 4. g3 b6 5. Bg2 Bb7 6. Qe2 c5 7. Ngf3 Nc6 8. c3 Qc7 9. 0-0 Be7 10. Re1 h6 11. Nf1 0-0-0 12. e5 Nd7 13. d4 g5 14. Be3 Rdg8 15. a3 h5 16. b4 c4 17. Reb1 h4 18. a4 Qd8 19. N3d2 Kb8 20. Rb2 Qf8 21. a5 b5 22. a6 Ba8 23. Ra5 Nxa5 24. bxa5 b4 25. Nxc4 Kc7 26. cxb4 Bxb4 27. Qc2 Kd8 28. Qa4 Bc3 29. Rb1 Kc7 30. Nb6 Bc6 31. Nxd7 Bxa4 32. Nxf8 Bxa5 33. Ra1 Bb6 34. Rxa4 Rxf8 35. Bxg5 hxg3 36. hxg3 Rh5 37. Bd2 f5 38. Be3 Kc6 39. Bf3 Rh7 40. Be2 Rc7 41. Nd2 Rg8 42. Nb3 Rf7 43. Bf4 Rc7 44. Na5+ Kd7 45. Nb7 Ke7 46. Kg2 Rc2 47. Kf3 Rgc8 48. Nd6 R8c3+ 49. Be3 Rb3 50. Bd1 Rxe3+ 51. Kxe3 Rc3+ 52. Kd2 Rc7 53. Be2 Kf8 54. Ke3 Rc3+ 55. Bd3 Ke7 56. Ra1 Kf8 57. Rh1 Kg7 58. Rh5 Rc6 59. Rg5+ Kf8 60. Rg6 Ke7 61. Rg7+ Kd8 62. Rg8+ Kc7 63. Bb5 1-0

[Event "Sachsen-ch U18"]
[Site "Sebnitz"]
[Date "2012.04.11"]
[Round "2"]
[White "Hanisch, Paul"]
[Black "Bilz, Constantin"]
[Result "1/2-1/2"]
[WhiteElo "1636"]
[BlackElo "1678"]
[PlyCount "87"]
[EventDate "2012.04.10"]
[EventType "swiss"]
[EventRounds "7"]
[EventCountry "GER"]
[SourceTitle "CBM 148 Extra"]
[Source "ChessBase"]
[SourceDate "2012.06.22"]
[SourceVersion "1"]
[SourceVersionDate "2012.06.22"]
[SourceQuality "1"]

1. b3 d6 2. Bb2 e5 3. e3 Nf6 4. Nf3 g6 5. Be2 Bg7 6. c4 0-0 7. d4 Nc6 8. dxe5 Nd7 9. Qc2 Ndxe5 10. Nxe5 Nxe5 11. Nc3 Qg5 12. g3 Qf5 13. Qxf5 Bxf5 14. e4 Be6 15. Nb5 Nd3+ 16. Bxd3 Bxb2 17. Rb1 Bg7 18. Nxc7 Bc3+ 19. Ke2 Rac8 20. Nb5 Bb4 21. a3 a6 22. Na7 Ra8 23. axb4 Rxa7 24. Rhc1 a5 25. bxa5 Rxa5 26. b4 Ra2+ 27. Ke1 f5 28. Ra1 Rb2 29. Rcb1 Rxb1+ 30. Rxb1 fxe4 31. Bxe4 Bxc4 32. Bxb7 Rb8 33. Bc6 d5 34. b5 Kf8 35. b6 Ke7 36. Kd2 Kd6 37. Ba4 Rb7 38. Ke3 Kc5 39. Bd7 d4+ 40. Kf4 Rxb6 41. Rxb6 Kxb6 42. h4 Be2 43. Ke4 Kc5 44. Be6 1/2-1/2

[Event "FICGS class C 000182 email"]
[Site "FICGS email"]
[Date "2011.10.13"]
[Round "1"]
[White "Bilz, Constantin"]
[Black "Paolillo, Giampiero"]
[Result "0-1"]
[WhiteElo "1733"]
[BlackElo "1677"]
[PlyCount "22"]
[EventDate "2011.??.??"]
[EventType "tourn (corr)"]
[EventRounds "1"]
[SourceTitle "Corr 2022"]
[Source "ChessBase"]
[SourceDate "2021.10.24"]
[SourceVersion "1"]
[SourceVersionDate "2021.10.24"]
[SourceQuality "1"]

1. Nf3 d5 2. c4 d4 3. e3 Nc6 4. exd4 Nxd4 5. Nxd4 Qxd4 6. Nc3 e5 7. d3 c6 8. Be3 Qd6 9. Be2 Nh6 10. Ne4 Qe6 11. 0-0 Nf5 0-1

[Event "FICGS rapid D 000057 email"]
[Site "FICGS email"]
[Date "2011.05.19"]
[Round "1"]
[White "Yloenen, Olli"]
[Black "Bilz, Constantin"]
[Result "1/2-1/2"]
[WhiteElo "1305"]
[BlackElo "1488"]
[PlyCount "53"]
[EventDate "2011.??.??"]
[EventType "tourn (rapid)"]
[EventRounds "6"]
[SourceTitle "Corr 2013"]
[Source "ChessBase"]
[SourceDate "2012.11.12"]
[SourceVersion "1"]
[SourceVersionDate "2012.11.12"]
[SourceQuality "1"]

1. d4 d6 2. c4 e5 3. Nf3 e4 4. Ng5 f5 5. Nc3 Be7 6. Nh3 Nf6 7. g3 c6 8. Bg2 0-0 9. 0-0 Na6 10. d5 Nc7 11. a4 Bd7 12. f3 cxd5 13. cxd5 exf3 14. exf3 Re8 15. Be3 Na6 16. a5 Qc8 17. Nf4 Bd8 18. Bf2 b6 19. axb6 Bxb6 20. Bxb6 axb6 21. Rf2 b5 22. Bf1 Qc5 23. Kg2 Nc7 24. Rxa8 Rxa8 25. Rc2 Qb6 26. Qd2 Re8 27. b4 1/2-1/2

[Event "Sachsen-ch U16"]
[Site "Sebnitz"]
[Date "2011.04.29"]
[Round "5"]
[White "Bilz, Constantin"]
[Black "Humburg, Philipp"]
[Result "1/2-1/2"]
[WhiteElo "1667"]
[BlackElo "1766"]
[PlyCount "48"]
[EventDate "2011.04.26"]
[EventType "swiss"]
[EventRounds "7"]
[EventCountry "GER"]
[SourceTitle "EXT 2012"]
[Source "ChessBase"]
[SourceDate "2011.11.24"]
[SourceVersion "1"]
[SourceVersionDate "2011.11.24"]
[SourceQuality "1"]

1. Nf3 Nc6 2. d4 d5 3. g3 Bg4 4. Bg2 Qd7 5. 0-0 Nf6 6. Ne5 Qc8 7. c4 Bh3 8. Nc3 Bxg2 9. Kxg2 Qe6 10. Qa4 0-0-0 11. cxd5 Nxd5 12. Nxc6 Qxc6 13. Qxc6 bxc6 14. Rd1 e6 15. Na4 Nb6 16. Nxb6+ cxb6 17. Be3 Kb7 18. Rac1 Be7 19. f4 Rd7 20. Rd2 Rhd8 21. Rcd1 a5 22. Kf3 h5 23. Bf2 Bf6 24. Rd3 c5 1/2-1/2

[Event "FICGS W-ch st1 g03 email"]
[Site "FICGS email"]
[Date "2011.04.01"]
[Round "1"]
[White "Bilz, Constantin"]
[Black "Chobaut, Nicolas"]
[Result "1-0"]
[WhiteElo "1342"]
[BlackElo "1704"]
[PlyCount "47"]
[EventDate "2011.??.??"]
[EventType "tourn (corr)"]
[EventRounds "8"]
[SourceTitle "Corr 2013"]
[Source "ChessBase"]
[SourceDate "2012.11.12"]
[SourceVersion "1"]
[SourceVersionDate "2012.11.12"]
[SourceQuality "1"]

1. Nf3 e6 2. g3 b6 3. Bg2 Bb7 4. 0-0 f5 5. d4 Nf6 6. c4 Be7 7. d5 0-0 8. Nc3 Qc8 9. Nd4 c5 10. Nc2 e5 11. Bh3 d6 12. e4 g6 13. Bh6 Rf7 14. exf5 gxf5 15. Ne3 Kh8 16. Nxf5 Qd8 17. f4 Nbd7 18. Nb5 Ne8 19. Qh5 Rf6 20. Nxe7 Qxe7 21. Bxd7 Qxd7 22. fxe5 dxe5 23. Rxf6 Nxf6 24. Qxe5 1-0

[Event "FICGS W-ch st1 g03 email"]
[Site "FICGS email"]
[Date "2011.04.01"]
[Round "1"]
[White "Bilz, Constantin"]
[Black "Melquiades, Jaime I"]
[Result "1-0"]
[WhiteElo "1342"]
[BlackElo "996"]
[PlyCount "41"]
[EventDate "2011.??.??"]
[EventType "tourn (corr)"]
[EventRounds "8"]
[SourceTitle "Corr 2013"]
[Source "ChessBase"]
[SourceDate "2012.11.12"]
[SourceVersion "1"]
[SourceVersionDate "2012.11.12"]
[SourceQuality "1"]

1. Nf3 f6 2. e4 d5 3. exd5 Bg4 4. h3 Bh5 5. Nc3 e6 6. dxe6 Bb4 7. g4 Bg6 8. Bg2 Nc6 9. 0-0 Nge7 10. d4 Bxc3 11. bxc3 Na5 12. Nh4 Rb8 13. Qe2 Nd5 14. Re1 f5 15. Qe5 fxg4 16. Nxg6 Nf6 17. Nxh8 Nc6 18. Qb5 a6 19. Bxc6+ bxc6 20. Qxc6+ Ke7 21. Ba3+ 1-0

[Event "FICGS class E 000136 email"]
[Site "FICGS email"]
[Date "2011.03.14"]
[Round "1"]
[White "Stoyanov, Zdravko"]
[Black "Bilz, Constantin"]
[Result "0-1"]
[WhiteElo "1211"]
[BlackElo "1342"]
[PlyCount "48"]
[EventDate "2011.??.??"]
[EventType "tourn (corr)"]
[EventRounds "4"]
[SourceTitle "Corr 2013"]
[Source "ChessBase"]
[SourceDate "2012.11.12"]
[SourceVersion "1"]
[SourceVersionDate "2012.11.12"]
[SourceQuality "1"]

1. e4 d6 2. Nf3 Nf6 3. c3 Nxe4 4. Qa4+ c6 5. Qxe4 e5 6. d4 f5 7. Qe2 e4 8. Nfd2 d5 9. Nf3 Bd6 10. Ng5 f4 11. Nf3 Bg4 12. h3 Bh5 13. Nbd2 0-0 14. g4 fxg3 15. fxg3 exf3 16. Qf2 Bxg3 17. Qxg3 f2+ 18. Qxf2 Qe7+ 19. Ne4 Qxe4+ 20. Qe3 Qxh1 21. Qe6+ Kh8 22. Kd2 Qxf1 23. b4 Qd1+ 24. Ke3 Rf3# 0-1

[Event "FICGS rapid D 000054 email"]
[Site "FICGS email"]
[Date "2011.03.07"]
[Round "1"]
[White "Leurette, Marc Antoine"]
[Black "Bilz, Constantin"]
[Result "0-1"]
[WhiteElo "1434"]
[BlackElo "1342"]
[PlyCount "56"]
[EventDate "2011.??.??"]
[EventType "tourn (rapid)"]
[EventRounds "5"]
[SourceTitle "Corr 2013"]
[Source "ChessBase"]
[SourceDate "2012.11.12"]
[SourceVersion "1"]
[SourceVersionDate "2012.11.12"]
[SourceQuality "1"]

1. e4 d6 2. d4 Nf6 3. Nc3 g6 4. Nf3 Bg7 5. Bg5 0-0 6. Be2 c6 7. Qd3 Na6 8. 0-0-0 Nc7 9. Kb1 b5 10. Qe3 Ng4 11. Qf4 Nxf2 12. Bh6 Ne6 13. Qh4 Nxh1 14. Rxh1 b4 15. Bxg7 Kxg7 16. Nd1 c5 17. d5 Nd4 18. Nxd4 cxd4 19. Bd3 a5 20. Qf2 Qb6 21. Rf1 a4 22. b3 axb3 23. cxb3 f5 24. g3 Ba6 25. Bxa6 Qxa6 26. a4 Qd3+ 27. Kb2 Rxa4 28. Qe2 Qxe2+ 0-1

[Event "FICGS class C 000134 email"]
[Site "FICGS email"]
[Date "2010.01.14"]
[Round "1"]
[White "Payzansky, Aleksey"]
[Black "Bilz, Constantin"]
[Result "1-0"]
[WhiteElo "1799"]
[BlackElo "1700"]
[PlyCount "41"]
[EventDate "2010.??.??"]
[EventType "tourn (corr)"]
[EventRounds "6"]
[SourceTitle "Corr 2013"]
[Source "ChessBase"]
[SourceDate "2012.11.12"]
[SourceVersion "1"]
[SourceVersionDate "2012.11.12"]
[SourceQuality "1"]

1. e4 e5 2. Nf3 Nc6 3. Bb5 a6 4. Ba4 Nf6 5. 0-0 Be7 6. Re1 b5 7. Bb3 d6 8. c3 0-0 9. h3 Nb8 10. d4 Nbd7 11. Nbd2 Bb7 12. Bc2 Re8 13. Nf1 Bf8 14. Ng3 g6 15. a4 c5 16. d5 c4 17. Bg5 h6 18. Be3 Nc5 19. Qc1 Kh7 20. Ra2 Qc7 21. Qd2 1-0